[Event "Let's Play Chess!"]
[Site "http://www.queenalice.com/game.php?id=1296923"]
[Date "2014.7.24"]
[Round "-"]
[White "igorjava"]
[Black "miguelvotrejr"]
[Result "1-0"]
[WhiteElo "1839"]
[BlackElo "1571"]

1. e4 c5 2. Nf3 Nc6 3. d4 cxd4 4. Nxd4 Nxd4 5. Qxd4 d6 6. Bc4 e5 7. Qd3 Qa5+ 8.
Nc3 Bd7 9. O-O Be7 10. Nd5 b5 11. Bb3 Rc8 12. f4 f6 13. f5 Bf8 14. Kh1 Ne7 15.
c3 Nxd5 16. Bxd5 b4 17. c4 h5 18. a3 h4 19. Bd2 Qc7 20. Bxb4 Bc6 21. Rfc1 Bxd5
22. Qxd5 h3 23. g3 Rh5 24. b3 Be7 25. Rd1 Rd8 26. Qg8+ Bf8 27. c5 1-0

[Event "Let's Play Chess!"]
[Site "http://www.queenalice.com/game.php?id=1296976"]
[Date "2014.7.24"]
[Round "-"]
[White "miguelvotrejr"]
[Black "josebaron"]
[Result "0-1"]
[WhiteElo "1634"]
[BlackElo "2053"]

1. e4 e5 2. Nf3 Nc6 3. Nc3 Bc5 4. Bb5 d6 5. Bxc6+ bxc6 6. O-O Nf6 7. d3 Bg4 8.
h3 Bh5 9. g4 Nxg4 10. hxg4 Bxg4 11. Bg5 Bxf3 12. Qd2 Qd7 13. Nd1 Qg4+ 0-1

[Event "AUTO-ADV-3201"]
[Site "http://www.queenalice.com/game.php?id=1297408"]
[Date "2014.7.26"]
[Round "1"]
[White "Canaye"]
[Black "miguelvotrejr"]
[Result "1-0"]
[WhiteElo "1888"]
[BlackElo "1596"]

1. d4 Nf6 2. c4 d6 3. Nc3 g6 4. e4 Bg7 5. f3 O-O 6. Bd3 b6 7. Bg5 c5 8. d5 Nh5
9. g4 Nf6 10. h4 h6 11. Be3 e6 12. Qd2 Kh7 13. Nge2 a5 14. g5 hxg5 15. hxg5+ Nh5
16. Rxh5+ gxh5 17. O-O-O Rh8 18. g6+ fxg6 19. Rh1 Kg8 20. Nf4 Qe8 21. e5 exd5
22. Ncxd5 Qf7 23. Nxg6 Rh7 24. Nge7+ Kh8 25. Bxh7 Kxh7 26. Qd3+ Kh8 27. Ng6+ Kg8
28. Nde7+ Kh7 29. Rxh5+ Bh6 30. Rxh6+ Kg7 31. Nh4 Kf8 32. Rf6 Qxf6 33. exf6 Be6
34. Qg6 Nd7 35. Bh6# 1-0

[Event "AUTO-ADV-3201"]
[Site "http://www.queenalice.com/game.php?id=1297409"]
[Date "2014.7.26"]
[Round "1"]
[White "miguelvotrejr"]
[Black "Canaye"]
[Result "0-1"]
[WhiteElo "1618"]
[BlackElo "1842"]

1. e4 e6 2. d4 d5 3. Nc3 dxe4 4. Nxe4 Nd7 5. Bc4 Ngf6 6. Nxf6+ Nxf6 7. Nf3 Bd6
8. O-O O-O 9. Bg5 h6 10. Bxf6 Qxf6 11. c3 c6 12. Qe1 b5 13. Bd3 a5 14. Qe4 g6
15. Qxc6 Ra6 16. Qxb5 Kg7 17. d5 e5 18. Rfe1 Ra7 19. Qc4 Ba6 20. Qe4 Bxd3 21.
Qxd3 Re8 22. c4 Rb7 23. b3 Bc5 24. Re2 e4 25. Rxe4 Qxa1+ 26. Re1 Rxe1+ 27. Nxe1
Qxe1+ 0-1

[Event "AUTO-ADV-3201"]
[Site "http://www.queenalice.com/game.php?id=1297426"]
[Date "2014.7.26"]
[Round "1"]
[White "miguelvotrejr"]
[Black "talisman77"]
[Result "0-1"]
[WhiteElo "1579"]
[BlackElo "1969"]

1. e4 e5 2. Nf3 Nc6 3. Bc4 Nf6 4. O-O Bc5 5. d3 O-O 6. Nc3 Ne7 7. Nxe5 d6 8. Nf3
Bg4 9. Bg5 h6 10. Bxf6 gxf6 11. h3 Be6 12. Nd2 Ng6 13. h4 Nxh4 14. Bxe6 fxe6 15.
Qg4+ Kh7 16. Qxh4 Rg8 17. Ne2 d5 18. Nb3 Bb6 19. Nbd4 Qe7 20. e5 Qf7 21. exf6
Raf8 22. Nf3 Qg6 23. Nf4 Qxf6 24. Qxf6 Rxf6 25. Nxd5 Rfg6 26. Nxb6 Rxg2+ 27. Kh1
axb6 28. Rg1 Rxf2 29. Rxg8 Kxg8 0-1

[Event "AUTO-ADV-3201"]
[Site "http://www.queenalice.com/game.php?id=1297427"]
[Date "2014.7.26"]
[Round "1"]
[White "talisman77"]
[Black "miguelvotrejr"]
[Result "1-0"]
[WhiteElo "1967"]
[BlackElo "1596"]

1. d4 Nf6 2. Nc3 d5 3. Nf3 g6 4. Bf4 Bg7 5. e3 O-O 6. Be2 Bf5 7. Ng5 Nc6 8. O-O
Nb4 9. Rc1 b6 10. a3 Nc6 11. Bd3 Bxd3 12. Qxd3 e6 13. h3 Na5 14. b3 c5 15. Be5
cxd4 16. exd4 Nc6 17. Rb1 Nxe5 18. dxe5 Nd7 19. f4 Qc7 20. Nb5 Qc5+ 21. Kh1 a6
22. Nd6 Qxa3 23. Ra1 Qc5 24. Rfe1 Ra7 25. Rxa6 Rxa6 26. Qxa6 Qf2 27. Qe2 1-0

[Event "AUTO-ADV-3201"]
[Site "http://www.queenalice.com/game.php?id=1297428"]
[Date "2014.7.26"]
[Round "1"]
[White "miguelvotrejr"]
[Black "blackwolf"]
[Result "0-1"]
[WhiteElo "1586"]
[BlackElo "1812"]

1. e4 e5 2. Nf3 Nf6 3. Nxe5 d6 4. Nf3 Nxe4 5. d3 Nf6 6. Bf4 Be7 7. g3 O-O 8. Bg2
Bg4 9. h3 Bxf3 10. Qxf3 Nc6 11. c3 Re8 12. O-O d5 13. Nd2 Bd6 14. Bg5 Be7 15.
Bxf6 Bxf6 16. Qxd5 Qxd5 17. Bxd5 Rab8 18. Bxc6 bxc6 19. Rab1 Re2 20. Ne4 Rexb2
21. Nxf6+ gxf6 22. Ra1 Re2 23. a4 Rbb2 24. Rab1 Kf8 25. Rxb2 Rxb2 26. Rc1 h6 0-1

[Event "AUTO-ADV-3201"]
[Site "http://www.queenalice.com/game.php?id=1297429"]
[Date "2014.7.26"]
[Round "1"]
[White "blackwolf"]
[Black "miguelvotrejr"]
[Result "1-0"]
[WhiteElo "1804"]
[BlackElo "1594"]

1. d4 Nf6 2. c4 e6 3. Nf3 b6 4. Bg5 c5 5. e3 cxd4 6. Qxd4 Be7 7. Be2 O-O 8. O-O
h6 9. Bh4 Nc6 10. Qd2 Ne4 11. Bxe7 Nxd2 12. Bxd8 Nxf1 13. Kxf1 Rxd8 14. Nc3 Ba6
15. a3 Na5 16. b4 Nc6 17. b5 Bxb5 18. cxb5 Na5 19. Rd1 d5 20. Nd4 Rac8 21. Na2
Rd7 22. Nb4 Nc4 23. Bxc4 Rxc4 24. Nbc6 Rc3 25. a4 Rc7 26. Ra1 1-0

[Event "Challenge"]
[Site "http://www.queenalice.com/game.php?id=1298088"]
[Date "2014.7.30"]
[Round "-"]
[White "Rogerio11"]
[Black "miguelvotrejr"]
[Result "0-1"]
[WhiteElo "1299"]
[BlackElo "1592"]

1. e4 c5 2. Bc4 e6 3. d3 Nc6 4. Nf3 Nf6 5. O-O g6 6. b3 Bg7 7. a4 Nxe4 8. dxe4
Bxa1 9. Bg5 Qc7 10. Na3 Be5 11. Nxe5 Qxe5 12. Nb5 O-O 13. Bh4 f5 14. f3 fxe4 15.
Qd6 Qxd6 16. Nxd6 exf3 17. Nxc8 Raxc8 18. c3 fxg2 19. Kxg2 Rxf1 20. Kxf1 Ne5 21.
Bb5 Rf8+ 22. Ke1 Nf3+ 23. Ke2 Nxh4 24. Bxd7 Rf6 25. b4 cxb4 26. cxb4 Kf7 27. a5
b6 28. axb6 axb6 29. b5 Rf5 30. Kd3 Rd5+ 31. Ke3 Rxd7 32. Kf4 Rd5 33. h3 e5+ 34.
Kg4 Nf5 0-1

[Event "Challenge"]
[Site "http://www.queenalice.com/game.php?id=1317797"]
[Date "2014.10.24"]
[Round "-"]
[White "miguelvotrejr"]
[Black "agcarlon"]
[Result "0-1"]
[WhiteElo "1566"]
[BlackElo "1504"]

1. e4 e5 2. Nf3 Nc6 3. Bb5 Nf6 4. O-O Nxe4 5. Bxc6 dxc6 6. Qe2 Bf5 7. Nxe5 Bd6
8. Nf3 O-O 9. d3 Nf6 10. Nc3 Re8 11. Be3 Nd5 12. Qd2 Qf6 13. Bd4 Qg6 14. Nh4 Qh5
15. g3 Bh3 16. Rfe1 Nf4 17. Re4 Rxe4 18. Nxe4 Ne2+ 19. Kh1 Nxd4 20. Nxd6 cxd6
0-1

[Event "Let's Play Chess!"]
[Site "http://www.queenalice.com/game.php?id=1408088"]
[Date "2016.2.9"]
[Round "-"]
[White "miguelvotrejr"]
[Black "arlesiana"]
[Result "1-0"]
[WhiteElo "1571"]
[BlackElo "1538"]

1. e4 d6 2. d4 d5 3. exd5 Qxd5 4. Nc3 Qa5 5. Nf3 Bg4 6. d5 Nf6 7. Bb5+ c6 8.
dxc6 Nxc6 9. h3 Bxf3 10. Qxf3 O-O-O 11. Bxc6 bxc6 12. Qxc6+ Qc7 13. Qxc7+ Kxc7
14. Be3 a6 15. O-O e6 16. a3 h6 17. Na4 Kc6 18. b4 Kd7 19. Rfd1+ Nd5 20. c4 Ke7
21. cxd5 exd5 22. Re1 Kd7 23. Bc5 Bxc5 24. Nxc5+ Kc8 25. Nxa6 d4 26. Nc5 d3 27.
Rad1 g5 28. Rxd3 Rde8 29. Rxe8+ Rxe8 30. a4 Kc7 31. Rd7+ Kc6 32. Rxf7 Rh8 33. a5
Kb5 34. Rb7+ Kc4 35. a6 Ra8 36. a7 Kd5 37. Na6 Kc6 38. Nc5 h5 39. Kh2 1-0

[Event "M-0 x A-0"]
[Site "http://www.queenalice.com/game.php?id=1408612"]
[Date "2016.2.10"]
[Round "-"]
[White "miguelvotrejr"]
[Black "andrelazcano"]
[Result "1-0"]
[WhiteElo "1548"]
[BlackElo "1733"]

1. e4 e5 2. Nf3 d6 3. Bc4 Bg4 4. O-O Qf6 5. Be2 h5 6. Nc3 c6 7. h3 Bxf3 8. Bxf3
h4 9. d3 g5 10. Bg4 Na6 11. Be3 Nh6 12. f3 Nxg4 13. fxg4 Qe6 14. Bxg5 Rg8 15.
Bxh4 Be7 16. Bxe7 Qxe7 17. Qf3 Nb4 18. Qf2 O-O-O 19. a3 Na6 20. Qxf7 Qxf7 21.
Rxf7 Nc7 22. Raf1 Ne6 23. Ne2 d5 24. Ng3 dxe4 25. Nxe4 Nd4 26. R1f2 Ne6 27. R2f5
Rgf8 28. Rxf8 Rxf8 29. Rxf8+ Nxf8 30. Nd6+ Kc7 31. Nf7 Ne6 32. Nxe5 Nf4 33. Kf2
Kd6 34. Nc4+ Kc5 35. Kf3 Ng6 36. g5 b5 37. Ne3 a5 38. Kg4 Kd4 39. Nf5+ Ke5 40.
g3 a4 41. h4 Ke6 42. h5 Ne5+ 43. Kf4 Nf3 44. Ng7+ Kf7 45. Nf5 Ke6 46. h6 Ne5 47.
Ng7+ Kd6 48. Ne8+ Ke6 49. Ng7+ Kd6 50. Kf5 Nf7 51. Kf6 Nh8 52. Nf5+ Kd7 53. g6
Ke8 54. g7 Nf7 55. g8=Q+ Kd7 56. Qxf7+ Kc8 57. h7 Kb8 58. h8=N c5 59. Nd6 b4 60.
Qb7# 1-0

[Event "Miguel: UM x André L: ZERO"]
[Site "http://www.queenalice.com/game.php?id=1410043"]
[Date "2016.2.19"]
[Round "-"]
[White "andrelazcano"]
[Black "miguelvotrejr"]
[Result "1-0"]
[WhiteElo "1710"]
[BlackElo "1586"]

1. e4 c5 2. d4 cxd4 3. Qxd4 Nc6 4. Qa4 d6 5. Ba6 Bd7 6. Bxb7 Na5 7. Qb4 Rb8 8.
e5 Nxb7 9. Bf4 d5 10. e6 Nd6 11. exd7+ Kxd7 12. Qa4+ Kc8 13. Qa6+ Rb7 14. Ne2
Qb6 15. Qa4 Qxb2 16. Bxd6 exd6 17. Qe8+ Kc7 18. Qxf7+ Ne7 19. Nec3 Qxa1 20. O-O
Kd7 21. Qf4 g6 22. Qa4+ Ke6 23. Qg4+ Kf7 24. Qf3+ Ke6 25. Na3 Qb2 26. Re1+ Kd7
27. Rb1 Qxa3 28. Rxb7+ Kc6 29. Rc7+ Kb6 30. Nxd5+ Nxd5 31. Qxa3 Nxc7 32. Qb2+
1-0

[Event "Challenge"]
[Site "http://www.queenalice.com/game.php?id=1411516"]
[Date "2016.2.28"]
[Round "-"]
[White "miguelvotrejr"]
[Black "Sergio50"]
[Result "1-0"]
[WhiteElo "1575"]
[BlackElo "1404"]

1. e4 e6 2. d4 d5 3. Nc3 c6 4. Nf3 Bb4 5. e5 Bxc3+ 6. bxc3 h6 7. c4 f6 8. Bd3 g5
9. Bg6+ Kf8 10. cxd5 Ne7 11. Ba3 Qxd5 12. O-O Qd7 13. exf6 Rg8 14. Bxe7+ Qxe7
15. fxe7+ Kxe7 16. Ne5 Kf6 17. Qf3+ Ke7 18. Qf7+ Kd8 19. Qxg8+ Kc7 20. Rab1 Na6
21. Qg7+ Kb8 22. Nxc6# 1-0

[Event "Challenge"]
[Site "http://www.queenalice.com/game.php?id=1412342"]
[Date "2016.3.6"]
[Round "-"]
[White "miguelvotrejr"]
[Black "arlesiana"]
[Result "1-0"]
[WhiteElo "1584"]
[BlackElo "1460"]

1. e4 b6 2. d4 Bb7 3. d5 e6 4. c4 c6 5. Nc3 Bd6 6. Nf3 cxd5 7. cxd5 e5 8. Bc4 a6
9. O-O b5 10. Bd3 b4 11. Ne2 f6 12. Nh4 Ne7 13. Ng3 O-O 14. Qg4 a5 15. Bh6 Rf7
16. Ngf5 Ra6 17. Nxg7 Qf8 18. Ne6+ Qg7 19. Nxg7 Bc8 20. Ne8+ Kh8 21. Bxa6 Nxa6
22. Nxd6 f5 23. Nxf7# 1-0

[Event "Challenge"]
[Site "http://www.queenalice.com/game.php?id=1412457"]
[Date "2016.3.7"]
[Round "-"]
[White "eduardocosta"]
[Black "miguelvotrejr"]
[Result "1-0"]
[WhiteElo "1715"]
[BlackElo "1595"]

1. e3 d5 2. b3 e5 3. Bb2 Nc6 4. Bb5 f6 5. Bxc6+ bxc6 6. Nf3 Bd6 7. c4 Ne7 8. O-O
O-O 9. d4 e4 10. Nfd2 c5 11. dxc5 Bxc5 12. Bc3 c6 13. b4 Bd6 14. c5 Be5 15. Bxe5
fxe5 16. a4 a5 17. bxa5 Qxa5 18. Qc2 d4 19. exd4 exd4 20. Nxe4 Bf5 21. f3 Bxe4
22. Qxe4 Qxc5 23. Kh1 Nd5 24. Nd2 Nc3 25. Qd3 Qb4 26. Ne4 1-0

[Event "Miguel: 1 x André: 1"]
[Site "http://www.queenalice.com/game.php?id=1412989"]
[Date "2016.3.10"]
[Round "-"]
[White "miguelvotrejr"]
[Black "andrelazcano"]
[Result "1-0"]
[WhiteElo "1584"]
[BlackElo "1732"]

1. e4 e5 2. Nf3 Nc6 3. Bc4 Nf6 4. d3 d5 5. exd5 Nxd5 6. Bxd5 Qxd5 7. Nc3 Bb4 8.
Bd2 Qc5 9. O-O Bg4 10. h3 Bxf3 11. Qxf3 Nd4 12. Qxb7 O-O 13. Ne4 Ne2+ 14. Kh1
Qxc2 15. Qxb4 Rab8 16. Qc5 Qxd3 17. Qe3 Rbd8 18. Qxd3 Rxd3 19. Rfd1 f5 20. Nc5
Rd5 21. Nb3 c5 22. Be3 Nd4 23. Bxd4 cxd4 24. Rac1 Re8 25. Rd2 d3 26. Kh2 g5 27.
Rc3 Red8 28. f3 e4 29. fxe4 fxe4 30. Nc5 Rxc5 31. Rxc5 e3 32. Rxd3 Rxd3 33.
Rxg5+ Kf7 34. Re5 Kf6 35. Re8 Kf5 36. Kg3 e2+ 37. Kf2 e1=Q+ 38. Rxe1 a5 39. b3
h5 40. Re3 Rd2+ 41. Re2 Rd3 42. Rb2 Rd4 43. a3 Rf4+ 44. Kg1 Rd4 45. b4 a4 46. b5
Kf4 47. Kf2 Ke5 48. b6 Rd8 49. Rb5+ Ke6 50. Rxh5 Rd2+ 51. Kg3 Rd3+ 52. Kg4 Rb3
53. Ra5 Rxa3 54. Rb5 Ra2 55. b7 Rxg2+ 56. Kh4 Rg8 57. b8=Q Rxb8 58. Rxb8 Kf6 59.
Ra8 Kg6 60. Rxa4 Kh6 61. Rf4 Kg6 62. Kg4 Kh6 63. Rf6+ Kg7 64. Kg5 Kh7 65. Rf7+
Kh8 66. Kh6 Kg8 67. Kg6 1-0